The Chiaotzu Quiz - Statistics

General Stats
  • This quiz has been taken 76 times
  • The average score is 7 of 10
Answer Stats
Hint Answer % Correct
Who is Chiaotzu's best friend? Tien Shinhan
96%
What color is most of Chiaotzu's skin? White
96%
Who does Chiaotzu face in the 22nd World Martial Arts Tournament? Krillin
80%
Which of Goku's attacks does Chiaotzu give his energy to help make? Super Spirit Bomb
70%
What member of the Ginyu Force does Chiaotzu defeat while training with King Kai on his planet? Guldo
69%
Who was Chiaotzu's master along with his best friend? Master Shen
61%
What technique does Chiaotzu use in an attempt to kill Nappa? Self-Destruction
59%
Who injures Chiaotzu at the 23rd World Martial Arts Tournament? Cyborg Tao
54%
What does Chiaotzu start to do at the end of Dragon Ball GT when he sees Goku pass by with Shenron? Cry
46%
Where is Chiaotzu often seen training? The Mountains
35%
No matching quizzes found
Score Distribution
Percent of People with Each Score
Percentile by Number Answered
Your Score History
You have not taken this quiz